| 000 | 02105nam0a2200325 4500 | ||
|---|---|---|---|
| 001 | RU\NLR\BIBL_A\011339566 | ||
| 005 | 20260408205209.0 | ||
| 010 |
_a978-5-215-02916-9 _9500 |
||
| 021 |
_aRU _b2017-7834 _9575 |
||
| 035 | _a(NLR Aleph) 011339566 | ||
| 090 |
_a11184793 _c11184793 |
||
| 100 | _a20170303d2016 |||y0rusy50 ca | ||
| 101 | 0 | _arus | |
| 102 | _aRU | ||
| 105 | _ay|||j|||000yy | ||
| 200 | 1 |
_aТуристско-рекреационные ресурсы Москвы и Московской области _eучебное пособие _fА.Д. Чудновский, доктор экономических наук, профессор, А.А. Романов, кандидат исторических наук, доцент _gМинистерство образования и науки Российской Федерации, Федеральное государственное бюджетное образовательное учреждение высшего образования "Государственный университет управления" |
|
| 210 |
_aМосква _cИздательский дом ФГБОУВО "ГУУ" _d2016 |
||
| 215 |
_a222 с. _d20 |
||
| 320 | _aБиблиогр.: с. 220-221 и в подстроч. примеч. | ||
| 606 |
_aТуризм _jУчебные издания для высших учебных заведений _yМосковская область _92113698 _3RU\NLR\AUTH\661277142 |
||
| 606 |
_aТуризм _jУчебные издания для высших учебных заведений _yМосква, город _92146453 _3RU\NLR\AUTH\661597784 |
||
| 686 | _aЧ518.115(2Р-4Мо)я73 | ||
| 686 | 1 | _aЧ518.14(2-2М)я73 | |
| 700 | 1 |
_aЧудновский _bА. Д. _gАлексей Данилович |
|
| 701 | 1 |
_4070 _7ca _8rus _aРоманов _bА. А. _cканд. ист. наук, туризм _gАлексей Александрович _922421 _3RU\NLR\AUTH\7739437 |
|
| 942 | _cBOOK | ||
| 980 | _aNBR | ||
| 980 | _aNB | ||